Statistics for Chris's General Knowledge Quiz #9

Click here to take the quiz!

General Stats

  • This quiz has been taken 53 times
  • The average score is 8 of 20

Answer Stats

QuestionAnswer% Correct
The Internet abbreviation 'IMO' stands for 'In my _____' what?Opinion
86%
What flavour is seen as the opposite of savoury?Sweet
86%
The gall bladder stores what fluid secreted by the liver?Bile
76%
The Communist Manifesto was first written in what language?German
76%
What is the second-fastest competitive swimming stroke after front-crawl?Butterfly
51%
In what country was Florence Nightingale born?Italy
43%
What crunchy vegetable is used in a traditional Waldorf salad?Celery
39%
Which Bruce Lee film features an iconic fight in a room full of mirrors?Enter the Dragon
37%
'Jojo left his home in Tucson, Arizona' is a line from which song by The Beatles?Get Back
37%
What material is waxed to make a Barbour coat?Cotton
33%
The Cheddar Caves are located in what county?Somerset
33%
Which philosopher is associated with the quote 'Cogito ergo sum'?René Descartes
29%
Tim McInnerny played Lord Percy and Captain Darling in what sitcom?Blackadder
27%
Who captained the Dutch national team in the 1974 World Cup final?Johan Cruyff
27%
Which member of The Who was known to amuse himself by blowing up toilets with dynamite?Keith Moon
27%
What famous battle took place 200 years after the Magna Carta was sealed?Battle of Agincourt
18%
Who portrayed Tywin Lannister in the HBO series Game of Thrones?Charles Dance
18%
Which English city gives its name to breeds of both cattle and pigs?Hereford
16%
'Sacapuntas' is the Spanish word for what item of stationery?Pencil sharpener
10%
Dump, floater and wipe are terms used in what sport?Volleyball
6%

Score Distribution

Percentile by Number Answered

Percent of People with Each Score

Your Score History

You have not taken this quiz